000 00312 a2200109 4500
001 ART_46792
005 20260410162000.0
008 260409a
245 1 0 _aEl Irak que dejamos atrás
100 1 _aParker, Ned
773 0 _tArchivos del presente
_g- Año 16, Nº 57/58 (ene. 2012)
_wREV28180
999 _c31178
_d31178